MARC

LEADER 00000nam0a2200000 4500
001 31908
005 20231030204637.0
010 |a 5288009775 
035 |a (RuTPU)RU\TPU\book\32203 
035 |a BOOK00000282 
090 |a 31908 
100 |a 20011210d1992 km y0rusy50 ca 
101 0 |a rus 
102 |a RU 
105 |a y z 001zy 
200 1 |a Формирование творческих умений в процессе профессионального обучения  |f Г. В. Никитина, В. Н. Романенко  |g Санкт-Петербургский государственный университет 
210 |a СПб.  |c Изд-во СПбГУ  |d 1992 
215 |a 168 с. 
320 |a Библиогр.: с. 158-165. 
610 1 |a образование 
610 1 |a профессиональное образование 
610 1 |a обучение 
610 1 |a творческие умения 
610 1 |a творческие способности 
610 1 |a формирование 
610 1 |a методика 
686 |a Ч481.22  |v LBC/SL-A  |2 rubbk 
700 1 |a Никитина  |b Г. В.  |g Галина Васильевна 
701 1 |a Романенко  |b В. Н.  |g Владимир Николаевич 
712 0 2 |a Санкт-Петербургский государственный университет  |2 stltpush  |3 (RuTPU)RU\TPU\col\62 
801 0 |a RU  |b 63413507  |c 20011210  |g PSBO 
801 2 |a RU  |b 63413507  |c 20161004  |g PSBO 
942 |c BK